| 000 | 00000nas##2200000za#4500 |
| 001 | 9.504319 |
| 003 | CaOODSP |
| 005 | 20220125150624 |
| 007 | cr ||||||||||| |
| 008 | 150406c2008||||xxc|| m o||||f| |0fre|d |
| 040 | |aCaOODSP|bfre |
| 043 | |an-cn--- |
| 086 | 1 |aD4-12F-PDF |
| 110 | 1 |aCanada.|bMinistère de la défense nationale.|bCabinet du Juge-avocat général. |
| 245 | 10|aSérie de documents juridiques stratégiques du cabinet du Juge-avocat général |h[ressource électronique] |
| 260 | |aOttawa - Ontario : |bDéfense nationale. |c2008--. |
| 310 | |aIrrégulier |
| 691 | 07|aDroit militaire|2gcpds |
| 775 | 08|tOffice of the Judge Advocate General, strategic legal paper series |w(CaOODSP)9.507941 |